Statistics for Books of the Book of Mormon

Click here to take the quiz!

General Stats

  • This quiz has been taken 1,056 times
  • The average score is 12 of 15

Answer Stats

Answer% Correct
1st Nephi
93%
2nd Nephi
93%
Moroni
92%
3rd Nephi
90%
Alma
90%
Mormon
89%
4th Nephi
85%
Jacob
81%
Helaman
78%
Mosiah
78%
Omni
76%
Ether
75%
Enos
74%
Words of Mormon
74%
Jarom
69%

Score Distribution

Percentile by Number Answered

Percent of People with Each Score

Your Score History

You have not taken this quiz